Parkinsonov zákon čiže honba za kariérou
Gespeichert in:
| 1. Verfasser: | |
|---|---|
| Weitere Verfasser: | |
| Format: | Buch |
| Sprache: | Slowakisch |
| Veröffentlicht: |
Bratislava
Vydavateľstvo politickej literatúry
1966
|
| Schlagworte: | |
| Tags: |
Keine Tags, Fügen Sie das erste Tag hinzu!
|
MARC
| LEADER | 00000nam a2200000 4500 | ||
|---|---|---|---|
| 001 | c123939 | ||
| 005 | 20041019155229.9 | ||
| 041 | 0 | |a slo | |
| 044 | |a SK | ||
| 245 | 1 | 0 | |a Parkinsonov zákon |b čiže honba za kariérou |c C. Northcote Parkinson ; [preklad: Blanka Bartošová] |
| 264 | 1 | |a Bratislava |b Vydavateľstvo politickej literatúry |c 1966 | |
| 300 | |a 130 s. | ||
| 610 | 2 | 0 | |a kariéra |
| 100 | 1 | |a Parkinson, C. Northcote | |
| 700 | 1 | |a Bartošová, Blanka | |